Valuation of Transactions between Related Parties and Ethical Behavior of Managers and Investors
Ziskovosť z obchodov medzi príbuznými účastníkmi transakcie a otázka jej morálnosti a etiky. Vzťah akcionár-podnik. Trhový princíp hodnotenia ceny transakcie a odchýlka od trhovej ceny. Národné právo oceňovania transakcií v súlade s princípom dĺžky ramena (arm's lenght principle). Európska spoločnos...
Salvato in:
| Autore principale: | |
|---|---|
| Altri autori: | |
| Natura: | Capitolo di libro |
| Lingua: | inglese |
| Soggetti: | |
| Tags: |
Nessun Tag, puoi essere il primo ad aggiungerne!!
|
MARC
| LEADER | 00000naa$a2200000$$$4500 | ||
|---|---|---|---|
| 001 | 0194710 | ||
| 005 | 20240502073248.9 | ||
| 041 | 0 | |a eng | |
| 044 | |a SK | ||
| 245 | 1 | 0 | |a Valuation of Transactions between Related Parties and Ethical Behavior of Managers and Investors |c Katarína Máziková, Lucia Ondrušová |
| 520 | |a Ziskovosť z obchodov medzi príbuznými účastníkmi transakcie a otázka jej morálnosti a etiky. Vzťah akcionár-podnik. Trhový princíp hodnotenia ceny transakcie a odchýlka od trhovej ceny. Národné právo oceňovania transakcií v súlade s princípom dĺžky ramena (arm's lenght principle). Európska spoločnosť, jej charakteristika a práva a povinnosti. | ||
| 610 | 2 | 0 | |a morálka |
| 610 | 2 | 0 | |a etika manažérska |
| 610 | 2 | 0 | |a oceňovanie transferové |
| 610 | 2 | 0 | |a korupcia |
| 100 | 1 | |a Máziková, Katarína | |
| 700 | 1 | |a Ondrušová, Lucia, 1981- | |